| 000 | 01250nam a2200337 i 4500 | ||
|---|---|---|---|
| 001 | 000021387 | ||
| 003 | DO-SdBNP | ||
| 005 | 20250918105351.0 | ||
| 007 | ta | ||
| 008 | 090701s1978 dr ac 000 0 spa d | ||
| 040 |
_aDO-SdBNP _bspa _cBNPHU _erda |
||
| 041 | _aspa | ||
| 082 | 4 |
_a291.61 _bT266m _222 |
|
| 100 | 1 |
_aTejeda Ortíz, Dagoberto, _d1940- _eautor _4aut. _91575 |
|
| 245 | 1 | 0 |
_aMana : _bmonografía de un movimiento mesiánico abortado / _cJuan Dagoberto Tejeda Ortiz. |
| 264 |
_aSanto Domingo, República Dominicana : _bEditora Alfa y Omega, _c1978. |
||
| 300 |
_a179 páginas : _bilustración, retratos ; _c22 cm |
||
| 336 |
_ardacontent _btexto _2txt |
||
| 337 |
_ardamedia _bsin mediación _2n |
||
| 338 |
_ardacarrier _bvolumen _2nc |
||
| 504 | _aBibliografía: páginas139-144. | ||
| 590 | _aInventariado, 2021 / DG | ||
| 650 | 4 |
_aCuración por la fe _96931 |
|
| 650 | 4 |
_aReligiosidad popular _96932 |
|
| 650 | 4 |
_aMedicina y religión _96933 |
|
| 650 | 4 |
_aCiudades y pueblos _zRepública Dominicana _9784 |
|
| 651 | 4 |
_aHaina (República Dominicana) _xVida religiosa y costumbres _96934 |
|
| 651 | 4 |
_aRepública Dominicana _xVida religiosa y costumbres _96935 |
|
| 910 | _aValidado. Control de calidad BNPHU. | ||
| 942 |
_2ddc _cLBS1 |
||
| 999 |
_c20887 _d20887 |
||